Statistics for Top 100 "G" Baby Boy Names - USA 2022

Click here to take the quiz!

General Stats

  • This quiz has been taken 100 times
  • The average score is 36 of 100

Answer Stats

Answer% Correct
Geo
96%
Gio
96%
George
87%
Gabriel
84%
Greg
78%
Gary
74%
Gordon
74%
Gregory
74%
Gavin
72%
Gavyn
72%
Gray
71%
Grey
71%
Graeson
67%
Graycen
67%
Graysen
67%
Grayson
67%
Greysen
67%
Greyson
67%
Glen
66%
Glenn
66%
Grant
66%
Garret
62%
Garrett
62%
Graeme
59%
Graham
59%
Gus
59%
Geoffrey
58%
Gerald
58%
Geovanni
57%
Geovanny
57%
Geovany
57%
Giovani
57%
Giovanni
57%
Giovanny
57%
Giovonni
57%
Gabe
55%
Gael
47%
Gustav
46%
Grady
41%
Gunnar
41%
Gunner
41%
Gianni
39%
Gionni
39%
Gian
38%
Gilbert
38%
Gerard
37%
Gideon
37%
Gene
36%
Guy
33%
Griffen
32%
Griffin
32%
Gryffin
32%
Gage
30%
Gauge
30%
Gareth
28%
Garrison
28%
Geno
28%
Gino
28%
Giorgio
26%
Gustavo
26%
Genesis
22%
German
22%
Gibson
20%
Grayden
20%
Graydon
20%
Garner
18%
Gerardo
18%
Guillermo
18%
Gilberto
14%
Golden
14%
Geronimo
13%
Giancarlo
12%
Giuseppe
12%
Galen
11%
Granger
11%
Gentry
9%
Gadiel
8%
Galileo
8%
Gianluca
7%
Gannon
5%
Gavriel
5%
Giuliano
5%
Gonzalo
5%
Gatlin
4%
Gerson
4%
Gracen
4%
Graceson
4%
Giannis
3%
Gamaliel
1%
Gasper
1%
Genaro
1%
Gibran
1%
Guadalupe
1%
Gabino
0%
Gavino
0%
Gergorio
0%
Gershon
0%
Ghaith
0%
Gohan
0%
Gurbaaz
0%

Score Distribution

Percentile by Number Answered

Percent of People with Each Score

Your Score History

You have not taken this quiz